| 000 | 00813nam a2200289 a 4500 | ||
|---|---|---|---|
| 003 | AR-BaBNM | ||
| 005 | 20251128204948.0 | ||
| 008 | 082120s2002 ||||||||||||||000 | spa|| | ||
| 020 | _a950-695-042-3 | ||
| 040 | _cAR-BaBNM | ||
| 100 | 1 | _aTonucci, Francesco | |
| 245 | 0 | 0 | _aCómo ser niño |
| 250 | _a1ª ed. | ||
| 260 |
_aBuenos Aires _bRei _c1993 |
||
| 300 |
_a159 p. _bil. |
||
| 500 | _aEl libro contiene ilustraciones que tratan distintas problemáticas de la niñez | ||
| 650 | 4 | _aNIÑEZ | |
| 650 | 4 | _aACTITUD DEL NIÑO | |
| 650 | 4 | _aDESARROLLO DEL NIÑO | |
| 650 | 4 | _aEDUCACION DEL NIÑO | |
| 650 | 4 | _aRESPONSABILIDAD DEL NIÑO | |
| 650 | 4 | _aPSICOLOGIA DEL NIÑO | |
| 700 | 1 |
_aTinaut, Alberto Lázaro _etraductor |
|
| 700 | 1 |
_aPujol Mas, Josep _eilustrador |
|
| 942 | _cBK | ||
| 998 | _cSILVI | ||
| 999 |
_c9498 _d9498 |
||